| 000 | 00639nam a22002297a 4500 | ||
|---|---|---|---|
| 003 | OSt | ||
| 005 | 20220107122729.0 | ||
| 008 | 140131b xxu||||| |||| 00| 0 eng d | ||
| 020 | _a9788180549090 | ||
| 040 | _cIIITM-K | ||
| 082 | _a658.4034 SWA/O;1 | ||
| 100 |
_aSwarup, Kanti _92825 |
||
| 245 |
_aOperations research _cby Kanti Swarup; P.K Gupta; Man Mohan |
||
| 260 |
_aNew Delhi, _bSultan Chand & Sons, _c2012. |
||
| 300 | _axvii, 1046p. | ||
| 650 |
_aMANAGEMENT SCIENCE _92826 |
||
| 650 |
_aSTATISTICS _92827 |
||
| 650 |
_aOPERATIONS RESEARCH _92828 |
||
| 700 |
_aGupta, P.K _92829 |
||
| 700 |
_aMan Mohan _92830 |
||
| 942 |
_2ddc _cBK |
||
| 999 |
_c3508 _d3508 |
||